| 000 | 00823cam a2200265 4500500 | ||
|---|---|---|---|
| 005 | 20260329005838.0 | ||
| 041 | _afre | ||
| 042 | _adc | ||
| 100 | 1 | 0 |
_aBanens, Maks _eauthor |
| 245 | 0 | 0 | _aGender inequalities in care for dependent relatives |
| 260 | _c2023. | ||
| 500 | _a2 | ||
| 690 | _aaidant cohabitant | ||
| 690 | _aaidant non cohabitant | ||
| 690 | _aaidantes | ||
| 690 | _aaidants | ||
| 690 | _adépendance | ||
| 690 | _adifférences entre hommes et femmes aidants | ||
| 690 | _agenre | ||
| 690 | _aperte d’autonomie | ||
| 690 | _aproches aidants | ||
| 690 | _arôles sexuels traditionnels | ||
| 786 | 0 | _nInformations sociales | o 208 | 4 | 2023-05-03 | p. 24-32 | 0046-9459 | |
| 856 | 4 | 1 | _uhttps://shs.cairn.info/journal-informations-sociales-2022-4-page-24?lang=en&redirect-ssocas=7080 |
| 999 |
_c1847221 _d1847221 |
||